000 00934nam a2200253Ia 4500
003 OSt
005 20220923224311.0
006 a|||||r|||| 00| 0
007 ta
008 220922b |||||||| |||| 00| 0 hin d
024 _a230,649
037 _cTextual
040 _aARTS
_cARTS
_bhin
041 _2hin
_ahin
082 _aV241:1xF00:g, 152N3
100 _aधर, सोम नाथ; वर्मा, महेन्द्र कुमार, अनु.
_9167884
245 0 _aकल्हण
246 _aKalhaṇa
260 _aनई दिल्ली
_b साहित्य अकादमी
_c1993
300 _a58पृ.
_ccm.
490 _aभारतीय साहित्य के निर्माता
942 _hV241:1xF00:g, 152N3
_cTEXL
_2CC
999 _c370485
_d370485